| 000 | 00637nam a2200193Ia 4500 | ||
|---|---|---|---|
| 003 | GCL | ||
| 008 | 140319s9999 xx 000 0 ara d | ||
| 040 |
_aGCL / _cGCL |
||
| 082 | 0 | 4 |
_a146.3 _bح م |
| 100 | 1 | _aحسنى ناثان | |
| 245 | 1 | 0 |
_aالماركسية فى الفلسفة (هدية من الاديب عبدالفتاح الجمل) / _cحسنى ناثان |
| 260 |
_aالعراق : _bدار النشر للجامعيين ، _c1963 |
||
| 300 |
_a262 ص ؛ _c24سم |
||
| 650 | 0 | 4 | _aالماركسية |
| 650 | 0 | 4 | _aالفلسفة |
| 650 | 0 | 4 | _aالمنطق |
| 650 | 0 | 4 | _aالماركسية , فلسفة |
| 942 |
_2ddc _cBK |
||
| 999 |
_c47143 _d47143 |
||